African Nations that Have Made the World Cup - Statistics

General Stats
  • This quiz has been taken 1,473 times
  • The average score is 11 of 13
Answer Stats
# Team % Correct
3 Egypt
98%
3 South Africa
97%
5 Morocco
96%
6 Nigeria
96%
4 Algeria
94%
2 Senegal
92%
3 Ghana
91%
7 Cameroon
90%
5 Tunisia
88%
3 Ivory Coast
86%
1 Zaire
84%
1 Togo
67%
1 Angola
66%
No matching quizzes found
Score Distribution
Percent of People with Each Score
Percentile by Number Answered
Your Score History
You have not taken this quiz